000 00222 a2200097 4500
001 37863
100 _aGreeneich E W
245 _aAnalog integrated circuits
260 _aUSA
_bChapman and Hall
_c
090 _c24056
_d24056
942 _aNUST-CAE
_cM
_c15621
999 _c272936
_d272936